000 00545nam a2200193Ia 4500
005 20260120131809.0
008 008 260114s9999 xx 000 0 eng d
020 _a9780197738160
037 _aEBOOK
040 _aCRL
_beng
_cCRL
041 _aeng
_2eng
084 _qCRL
100 _aVersluis
_9931305
245 0 _aAmerican Transcendentalism and Asian Religions
260 _bOxford University PressOxford University Press
_c2023
856 _uhttps://academic.oup.com/book/49516
942 _cEBOOK
999 _c1523227
_d1523227